Наука и научно-исследовательская работа в БССР. ...за 1973 г. (Запись № 13127307)

Подробности
000 -МАРКЕР
контрольное поле 01318nam2a2200265 4500
001 - ИДЕНТИФИКАТОР ЗАПИСИ
контрольное поле RU\NLR\BIBL_A\016353096
005 - ИДЕНТИФИКАТОР ВЕРСИИ
контрольное поле 20250625052715.0
035 ## - ДРУГИЕ СИСТЕМНЫЕ НОМЕРА
Идентификатор записи (NLR Aleph) 016353096
100 ## - ДАННЫЕ ОБЩЕЙ ОБРАБОТКИ
Данные общей обработки 20230421d1973 |||y0rusy50 ca
101 0# - ЯЗЫК РЕСУРСА
Язык текста, звукозаписи и т.д. русский
102 ## - СТРАНА ПУБЛИКАЦИИ ИЛИ ПРОИЗВОДСТВА
Страна публикации Российская Федерация
105 ## - ПОЛЕ КОДИРОВАННЫХ ДАННЫХ: ТЕКСТОВЫЕ МАТЕРИАЛЫ, МОНОГРАФИЧЕСКИЕ
Кодированные данные о монографическом текстовом документе y ac 000zy
200 0# - ЗАГЛАВИЕ И СВЕДЕНИЯ ОБ ОТВЕТСТВЕННОСТИ
Основное заглавие ...за 1973 г.
Первые сведения об ответственности составитель: Н. Е. Виталева
Последующие сведения об ответственности научный редактор: А. Д. Василевская
210 ## - ПУБЛИКАЦИЯ, РАСПРОСТРАНЕНИЕ И ДР.
Дата издания, распространения и т.д. 1974
Место издания, распространения и т.д. Б. м.
215 ## - ФИЗИЧЕСКАЯ ХАРАКТЕРИСТИКА
Специфическое обозначение материала и объем 194, [1] с.
320 ## - ПРИМЕЧАНИЯ О НАЛИЧИИ В ДОКУМЕНТЕ БИБЛИОГРАФИИ / УКАЗАТЕЛЯ
Текст примечания Библиогр.: с. 167-190
320 ## - ПРИМЕЧАНИЯ О НАЛИЧИИ В ДОКУМЕНТЕ БИБЛИОГРАФИИ / УКАЗАТЕЛЯ
Текст примечания Имен. указ.: с. 149-162
320 ## - ПРИМЕЧАНИЯ О НАЛИЧИИ В ДОКУМЕНТЕ БИБЛИОГРАФИИ / УКАЗАТЕЛЯ
Текст примечания Указ. науч. учреждений: с. 163-167
461 #0 - УРОВЕНЬ НАБОРА
Встроенное поле 001rc\3469980
-- 2001#$aНаука и научно-исследовательская работа в БССР$eБиблиогр. указ. литературы$fАН БССР. Фундам. б-ка им. Я. Коласа$v...за 1973 г.
Системный номер (АБИС) связанной записи 5660696
Место публикации Минск
Дата публикации 1970
Первые сведения об ответственности АН БССР. Фундам. б-ка им. Я. Коласа
Имя издателя, распространителя и т.д. Б. и.
Сведения, относящиеся к заглавию Библиогр. указ. литературы...
Заглавие Наука и научно-исследовательская работа в БССР
Номер тома ...за 1973 г.
852 ## - МЕСТОНАХОЖДЕНИЕ И ШИФР ХРАНЕНИЯ
Идентификатор организации NLR
Шифр хранения (Call Number) С11-420/Н-34
942 ## - ДОПОЛНИТЕЛЬНЫЕ ЭЛЕМЕНТЫ ЗАПИСИ (АБИС)
Тип экземпляра АБИС Книга
980 ## - КОЛЛЕКЦИЯ
Название коллекции Национальная библиография
Экземпляры
Тип экземпляра Дата поступления Библиотека постоянного хранения Библиотека текущего хранения Место хранения Шифр хранения Штрих-код Статус экземпляра
Книга 25.04.2023 РНБ (Московский) РНБ (Московский) Центральная справочная библиотека С11-420/Н-34 1-4230526